000 01683cam a22002174a 4500
005 20250605164408.0
008 250528s ||||||||||||||||||||||||d
035 _a24895
020 _a9789601220635
040 _aGR-AtMCL
_bgre
_dGR-AtMCL
_eAACR2
245 1 _aΠαιδί και Υγεία / Από τη Γέννηση μέχρι και την εφηβεία
250 _a
260 _bUniversity Studio Press,
_c2011
300 _a296
520 _aΤο παρόν βιβλίο καλύπτει όλο το φάσμα της ζωής του ανθρώπου, από την γέννηση ώς και πριν την ενηλικίωση. Πρόλογος, Εισαγωγή, Ένα Μωρό Έρχεται, Προσχολική και Σχολική Ηλικία, Εφηβεία, Παιδί και Κοινωνία, Παιδί και Τεχνολογία, Λοιμώδη Νοσήματα, Εμβολιασμοί, Πρώτες Βοήθειες, Αιματολογία, Αλλεργιολογία, Αναπτυξολογία, Γαστρεντερολογία, Γυναικολογία, Δερματολογία, Καρδιολογία, Νεογνολογία, Νευρολογία, Ορθοπεδική, Ουρολογία και Νεφρολογία, Οφθαμολογία, Παιδοδοντία, Πνευμονολογία και Αναπνευστικό Σύστημα, Χειρουργική, Ψυχιατρική, Ωτορινολαρρυγγολογία, Βιβλιογραφία, Ευρετήριο.
700 1 _aΠαλλίδης Σίμος Γ
_99644
700 1 _aΠαλλίδου Χρυσή Σ
_99645
942 _cBK
999 _c9730
_d9730